Made in the Americas (Record no. 8111)

MARC details
000 -CABECERA
campo de control de longitud fija 01217nam a2200289 a 4500
001 - NÚMERO DE CONTROL
campo de control BRCA_8444
005 - FECHA Y HORA DE LA ÚLTIMA TRANSACCIÓN
campo de control 20190320210301.0
008 - DATOS DE LONGITUD FIJA--INFORMACIÓN GENERAL
campo de control de longitud fija 301015s2015----u--a######---#000-0#eng-#
020 ## - NÚMERO INTERNACIONAL ESTÁNDAR DEL LIBRO
Número Internacional Estándar del Libro 9780878468126
041 ## - CÓDIGO DE LENGUA
Código de lengua del texto/banda sonora o título independiente eng
044 ## - CÓDIGO DEL PAÍS DE LA ENTIDAD EDITORA/PRODUCTORA
Código MARC del país u
050 #4 - SIGNATURA TOPOGRÁFICA DE LA BIBLIOTECA DEL CONGRESO
Número de clasificación NK801
Número de documento/Ítem .C37 2015
100 1# - ENTRADA PRINCIPAL--NOMBRE DE PERSONA
Nombre de persona Carr, Dennis
Forma completa/desarrollada del nombre (Dennis Andrew)
9 (RLIN) 21141
245 10 - MENCIÓN DE TÍTULO
Título Made in the Americas
Resto del título the New World Discovers Asia
Mención de responsabilidad, etc. Dennis Carr ; with contributions by Gauvin Alexander Bailey ... [et al.].
260 ## - PUBLICACIÓN, DISTRIBUCIÓN, ETC.
Lugar de publicación, distribución, etc. Boston
Nombre del editor, distribuidor, etc. MFA Publications, Museum of Fine Arts, Boston
Fecha de publicación, distribución, etc. c2015
300 ## - DESCRIPCIÓN FÍSICA
Extensión 159 p.
Otras características físicas il. a color, mapas
Dimensiones 27 cm.
500 ## - NOTA GENERAL
Nota general Incluye lista de ilustraciones e índice alfabético
500 ## - NOTA GENERAL
Nota general Incluye piezas de la colección Franz Mayer: p. 61 y 88
504 ## - NOTA DE BIBLIOGRAFÍA, ETC.
Nota de bibliografía, etc. Bibliografía : p. 144-146
650 14 - PUNTO DE ACCESO ADICIONAL DE MATERIA--TÉRMINO DE MATERIA
Término de materia o nombre geográfico como elemento de entrada Decorative arts, Early American
Subdivisión de forma Exposiciones
9 (RLIN) 21142
650 14 - PUNTO DE ACCESO ADICIONAL DE MATERIA--TÉRMINO DE MATERIA
Término de materia o nombre geográfico como elemento de entrada Decorative arts, Spanish colonial
Subdivisión de forma Exposiciones
9 (RLIN) 21143
650 14 - PUNTO DE ACCESO ADICIONAL DE MATERIA--TÉRMINO DE MATERIA
Término de materia o nombre geográfico como elemento de entrada Artes decorativas
Subdivisión de forma Exposiciones
Subdivisión general Influencias asiáticas
Subdivisión geográfica Estados Unidos
9 (RLIN) 21144
650 14 - PUNTO DE ACCESO ADICIONAL DE MATERIA--TÉRMINO DE MATERIA
Término de materia o nombre geográfico como elemento de entrada Artes decorativas
Subdivisión de forma Exposiciones
Subdivisión general Influencias asiáticas
Subdivisión geográfica América Latina
9 (RLIN) 21145
700 1# - PUNTO DE ACCESO ADICIONAL--NOMBRE DE PERSONA
Nombre de persona Bailey, Gauvin Alexander
9 (RLIN) 5261
710 2# - PUNTO DE ACCESO ADICIONAL--NOMBRE DE ENTIDAD CORPORATIVA
Nombre de entidad corporativa o nombre de jurisdicción como elemento de entrada Museum of Fine Arts, Boston
9 (RLIN) 21146
942 ## - ELEMENTOS DE PUNTO DE ACCESO ADICIONAL (KOHA)
Fuente del sistema de clasificación o colocación Library of Congress Classification
Tipo de ítem Koha Libros
Holdings
Estado de retiro Estado de pérdida Estado dañado No para préstamo Localización permanente Ubicación/localización actual Fecha de adquisición Total de préstamos Signatura topográfica completa Código de barras Fecha visto por última vez Precio válido a partir de Tipo de ítem Koha
El ejemplar forma parte de la colección y puede ser consultado según las políticas vigentes.       Biblioteca del Museo Franz Mayer (Rogerio Casas-Alatriste) Biblioteca del Museo Franz Mayer (Rogerio Casas-Alatriste) 26/10/2015   NK801 .C37 2015 02890 22/03/2019 22/03/2019 Libros